Państwa członkowskie UE - Statystyki

Ogólne statystyki
  • Ten quiz został rozwiązany 167 razy
  • Średni wynik to 23 z 29
Statystyki odpowiedzi
Rok przystąpienia Pierwsza litera Państwo % Poprawnych
1957 F Francja
100%
1957 B Belgia
99%
1957 H Holandia
98%
1957 L Luksemburg
92%
1973 D Dania
90%
1981 G Grecja
89%
1986 H Hiszpania
89%
2004 Ł Łotwa
89%
2004 P Polska
89%
2004 L Litwa
87%
1986 P Portugalia
87%
2004 E Estonia
86%
1973 - 2020 W Wielka Brytania
85%
2004 C Czechy
84%
1973 I Irlandia
84%
1995 F Finlandia
82%
2004 S Słowacja
82%
1957 W Włochy
82%
2004 S Słowenia
80%
1995 S Szwecja
77%
2007 R Rumunia
74%
2004 W Węgry
72%
2007 B Bułgaria
70%
1995 A Austria
69%
2013 C Chorwacja
67%
2004 M Malta
57%
2004 C Cypr
53%
1957 R RFN
42%
1990 N NRD
36%
Nie znaleziono quizów pasujących do podanych kryteriów
Rozkład punktacji
Procent ludzi z każdym wynikiem
Percentyl według liczby udzielonych odpowiedzi
Twoja historia wyników
Nie rozwiązałeś tego quizu